Представление документа в формате MARC21

Поле Инд. ПП Название Значение
Тип записи a
Библиографический уровень m
001 Контрольный номер RU/IS/BASE/322063108
005 Дата корректировки 20211028164431.9
020 a ISBN 978-5-7695-4435-4 (ч. 2)
022 0_ a ISSN 978-5-7695-4433-0
040 a Служба первич. каталог. НБ ТвГУ
b Код языка каталог. rus
e Правила каталог. PSBO
041 0_ a Код языка текста rus
080 a Индекс УДК 821.161.1.09(075.3)
084 a Индекс другой классификации/Индекс ББК Ш5(2=411.2)6я721-1
090 a Полочн. индекс Ш5(2=411.2)
x Авторский знак С 91
100 1_ a Автор Сухих Игорь Николаевич
e Роль лиц Автор
245 10 a Заглавие Литература. 11 класс
b Продолж. заглавия учебник : базовый уровень : в 2 частях
c Ответственность И. Н. Сухих ; Факультет филологии и искусств Санкт-Петербургского государственного университета
n Номер части/ раздела Часть 2
260 a Место издания Москва
b Издательство Academia
c Дата издания 2009
300 a Объем 367, [1] с.
b Иллюстрации/ тип воспроизводства ил.
440 _0 a Серия Среднее (полное) общее образование
504 a Библиография Библиогр. в конце ст.
520 0_ a Аннотация Учебник И.Н.Сухих дает целостное культурно-историческое представление об основных этапах развития русской литературы XX в., ее главных проблемах, направлениях, именах. Главы о писателях строятся как драматические очерки, эссе. Разборы конкретных произведений отражают многообразие их проблематики и поэтики. Вопросы и задания различной степени сложности предполагают разные способы работы и серьезно расширяют культурный контекст. Для учащихся 11 классов, изучающих предмет на базовом уровне.
653 0_ a Ключевые слова 20 в.
a Ключевые слова Литература
a Ключевые слова Русская литература
a Ключевые слова Учебники для средней школы
852 41 i Расстановочный признак Проверка 2021
901 t Тип документа m
910 a гриф есть*
920 a Оператор Густ
a Оператор Хохл
a Оператор Петр
930 a Новая/Ретро ретро
952 c Вид литературы К ру
954 a Дата поступления на обработку 20100325
e Дата перешифровки 20210923
954 a Дата поступления на обработку 20211028